000 00316nam a22001097a 4500
008 150819b xxu||||| |||| 00| 0 eng d
020 _a0829901345
082 _a150 COO
100 _aCOON, DENIS.
245 _aINTRODUCTION TO PSYCHOLOGY :
_bEXPLORATION AND APPLICATION
260 _aNEW YORK :
_bWEST PUBLISHING COMPANY,
_c1977.
999 _c77
_d77